Top 50 Music Schools in 2017 - Statistics

General Stats
  • This quiz has been taken 11 times
  • The average score is 13 of 50
Answer Stats
# School % Correct
50 University of California-Berkeley
100%
36 Michigan State University
75%
20 University of California - Los Angeles
75%
13 University of Florida
75%
9 University of Minnesota
75%
3 University of North Carolina
63%
15 University of Washington
63%
8 Texas A & M University
50%
26 Texas A & M University - Commerce
50%
23 Iowa State University
38%
11 Rutgers University
38%
31 University of California-San Diego
38%
24 Brigham Young University - Idaho
25%
14 California State University - Long Beach
25%
40 University of California-Davis
25%
32 University of North Texas
25%
7 Amherst College
13%
22 Appalachian State University
13%
19 Berea College
13%
16 Buffalo State SUNY
13%
42 California State Polytechnic University-Pomona
13%
41 California State University-Fullerton
13%
43 California State University-Stanislaus
13%
47 Chadron State College
13%
5 CUNY Bernard M. Baruch College
13%
18 CUNY Brooklyn College
13%
21 CUNY City College
13%
17 CUNY Hunter College
13%
34 CUNY Lehman College
13%
4 CUNY Queens College
13%
37 Marshall University
13%
48 McDaniel College
13%
1 New Jersey City University
13%
39 Northwest Missouri State University
13%
27 Presbyterian College
13%
29 Saint Cloud State University
13%
46 Stony Brook University
13%
38 SUNY at Binghamton
13%
28 SUNY College at Oswego
13%
33 SUNY College at Plattsburgh
13%
10 Texas Women's University
13%
2 University of California - Irvine
13%
30 University of Massachusetts Amherst
13%
6 University of Minnesota - Duluth
13%
35 University of Minnesota-Morris
13%
49 University of Nebraska at Kearney
13%
45 University of North Carolina at Greensboro
13%
25 University of Texas at El Paso
13%
44 University of Wyoming
13%
12 Wayne State College
13%
No matching quizzes found
Score Distribution
Percent of People with Each Score
Percentile by Number Answered
Your Score History
You have not taken this quiz